00439nam a2200133Ia 4500001001000000003000500010008004100015010001100056040000900067111010800076245005800184260003000242650003300272Para_9226CHAP220125s2005 xx 000 0 und d a207965 cCHAP aSimposio nacional de parasitología agrícola: Ing. Amado Toledano Alonso (31:2005:Guadalajara, Jal.) aMemoria /c por Ingenieros Agronómos Parasitologos aGuadalajara, Jal. :b IAP aParasitología x congresos